书目信息 |
| 题名: |
太平天国资料汇编
|
|
| 作者: | ;太平天国历史博物馆 编 | |
| 分册: | 第二册上 | |
| 出版信息: | 北京 中华书局 1979 |
|
| 页数: | 496页 | |
| 开本: | 20cm | |
| 丛书名: | ||
| 单 册: | ||
| 中图分类: | K254.06 , K254 | |
| 科图分类: | ||
| 主题词: | 太平天国--史料 | |
| 电子资源: | ||
| ISBN: | ||
| 000 | 00629nam0 2200217 45 | |
| 001 | 1555757493 | |
| 005 | 20150124153026.51 | |
| 010 | @dCNY3.45 | |
| 100 | @a19950109d1979 kemy0chiy0121 ea | |
| 101 | 0 | @achi |
| 102 | @aCN@b110000 | |
| 105 | @ay z 000yy | |
| 200 | 10 | @a太平天国资料汇编@Atai ping tian guo zi liao hui bian@h第二册上@f太平天国历史博物馆编 |
| 210 | @a北京@c中华书局@d1979 | |
| 215 | @a496页@d20cm | |
| 606 | @a太平天国@x史料 | |
| 690 | @aK254.06@v3 | |
| 690 | @aK254@v4 | |
| 711 | 02 | @a太平天国历史博物馆@Atai ping tian guo li shi bo wu guan@4编 |
| 801 | 0 | @aCN@bTSSF@c20150124 |
| 905 | @aZUCC@dK254@eJY53:2:1 | |
| 太平天国资料汇编.第二册上/太平天国历史博物馆编.-北京:中华书局,1979 |
| 496页;20cm |
| ISBN :CNY3.45 |
| ● |
| 相关链接 |
|
|
|
|
正题名:太平天国资料汇编
索取号:K254/JY53:2:1
 
预约/预借
| 序号 | 登录号 | 条形码 | 馆藏地/架位号 | 状态 | 备注 |
| 1 | 7853781 | 278537816 | 学院路分馆/ [索取号:K254/JY53:2:1] | 在馆 |